000 00410nam a2200181Ia 4500
005 20240823010419.0
008 240823s9999||||xx |||||||||||||| ||und||
041 _aENGLISH
082 _A620.1074 N5
100 _aRathakrishnan E
245 0 _aGas Dynamics
250 _a1st
260 _c1995
_b"PHI,New Delhi"
500 _aYES
650 _aGas Dynamics
_bMechanical
942 _cBK
999 _c158553
_d158553